| 000 | 00598nam a22002057a 4500 | ||
|---|---|---|---|
| 999 |
_c160484 _d160484 |
||
| 005 | 20190130165238.0 | ||
| 010 | _aENG-124685 | ||
| 020 |
_a9789352301959 _c450.00 |
||
| 035 | _aEN-108217 | ||
| 037 | _bDBAD/PUB | ||
| 082 | _a615.19 | ||
| 100 | _aNadendla,Rama Rao | ||
| 245 |
_aMedicinal chemistry/ _cby Rama Rao Nadendla |
||
| 260 |
_aNew Delhi _bPharmamed _c2018 |
||
| 270 |
_a4-4-309/316,Giriraj Lane,Sultan Bazar _bHyderabad _e500095 |
||
| 300 |
_a388p. _c24cm.(pbk) _bill |
||
| 500 | _aIts includes index. | ||
| 700 | _aSarin,Charu | ||
| 942 |
_2ddc _cEN _mNAD _h615.19 |
||